Pomerania... or Silesia? - Statistics

General Stats
  • This quiz has been taken 62 times
  • The average score is 13 of 15
Answer Stats
Question Answer % Correct
Gdansk is located in it Pomerania
100%
Is landlocked Silesia
100%
Has a region of Czechia partially named after it Silesia
100%
Wrocław is located in it Silesia
100%
Its etymology is related to the sea Pomerania
97%
A part of it was once Swedish Pomerania
97%
Was once a part of Austria Silesia
97%
Has been a part of Prussia Both
89%
Is the most populated Silesia
89%
Most Kashubian speakers live there Pomerania
86%
Has a famous dog breed named after it Pomerania
84%
Polish is the most widely spoken language there Both
78%
The Oder river passes through it Both
59%
Is split between different countries Both
54%
Has the lowest german population Silesia
35%
No matching quizzes found
Score Distribution
Percent of People with Each Score
Percentile by Number Answered
Your Score History
You have not taken this quiz